Ο ρόλος της Ιορδανίας στο Παλαιστινιακό ζήτημα κατά την μεταψυχροπολεμική περίοδο : διπλωματική εργασία [μεταπτυχιακή εργασία]

Αποθηκεύτηκε σε:
Λεπτομέρειες βιβλιογραφικής εγγραφής
Κύριος συγγραφέας: Μπίμπας, Θεμιστοκλής
Συγγραφή απο Οργανισμό/Αρχή: Πανεπιστήμιο Αιγαίου Σχολή Ανθρωπιστικών Επιστημών Τμήμα Μεσογειακών Σπουδών Πρόγραμμα Μεταπτυχιακών Σπουδών Πολιτικές, Οικονομικές και Διεθνείς Σχέσεις στη Μεσόγειο
Άλλοι συγγραφείς: Κεφαλά, Παρασκευή (Εισηγητής διατριβής)
Μορφή: Thesis Βιβλίο
Γλώσσα:Greek
Δημοσίευση: 2011
Θέματα:
Διαθέσιμο Online:http://hdl.handle.net/11610/12335
Ετικέτες: Προσθήκη ετικέτας
Δεν υπάρχουν, Καταχωρήστε ετικέτα πρώτοι!

MARC

LEADER 00000cam a2200000 i 4500
001 1/15259
008 110929s2011 gre d
035 |l 10110905 
040 |a GR-MY-UA  |b gre  |e aacr 
041 0 |a gre 
082 0 |a 327.56  |2 (22) 
100 1 |a Μπίμπας, Θεμιστοκλής. 
245 1 2 |a Ο ρόλος της Ιορδανίας στο Παλαιστινιακό ζήτημα κατά την μεταψυχροπολεμική περίοδο :  |b διπλωματική εργασία [μεταπτυχιακή εργασία] /  |c Μπίμπας Θεμιστοκλής ; επιβλέπουσα: Κεφαλά Παρασκευή 
260 |c 2011 
300 |a 76 σ.;  |c 30 εκ. 
500 |a Μέλη εξεταστικής επιτροπής: Ιωάννης Σεϊμένης, Ιωάννης Σακκάς 
502 |a Διατριβή (μεταπτυχιακή) – Πανεπιστήμιο Αιγαίου, Ρόδος, 2011. 
504 |a Βιβλιογραφία: σ. 72-76 
650 0 0 |a Dissertations, Academic  |z Greece. 
651 0 |a Jordan  |x Politics and government  |y 20th century. 
651 0 |a Jordan  |x Armed Forces  |x Political activity. 
651 0 |a Palestine  |x Politics and government. 
700 1 |a Κεφαλά, Παρασκευή.  |4 ths 
710 2 |a Πανεπιστήμιο Αιγαίου  |b Σχολή Ανθρωπιστικών Επιστημών  |b Τμήμα Μεσογειακών Σπουδών  |b Πρόγραμμα Μεταπτυχιακών Σπουδών Πολιτικές, Οικονομικές και Διεθνείς Σχέσεις στη Μεσόγειο. 
852 |a INST  |b RHODES  |c DIATR  |e 20110929  |h 327.56 ΜΠΙ  |p 005400033637  |q 005400033637  |t MTXE  |y 23 
852 |a INST  |b RHODES  |c DIATR  |e 20110929  |h 327.56 ΜΠΙ  |p 005400033638  |q 005400033638  |t MTXE  |y 23 
856 |u http://hdl.handle.net/11610/12335 
901 |a BIBL4-2011-3 
909 |a Ρ  |b 170269 
909 |a Ρ  |b 170270 
924 |a ΜΠΙΜΠΑΣ  |b ΘΕΜΙΣΤΟΚΛΗΣ  |y ΡΟΔΟΣ  |z 2011-09 
970 |z 2010/05/